| 000 | 00945cam a2200277 a 4500 | ||
|---|---|---|---|
| 001 | 2610 | ||
| 005 | 20250815160807.0 | ||
| 020 | _a9780545699037 | ||
| 040 |
_aDLC _cDLC _dDLC _beng |
||
| 050 | 0 | 0 |
_aGV721.H47 _b2011 |
| 082 | 0 | 0 | _a796.48 |
| 100 | 1 | _aHerzog, Brad | |
| 245 | 1 | 0 |
_aG is for gold medal : _ban Olympic alphabet / _cwritten by Brad Herzog and illustrated by Doug Bowles |
| 250 | _aFirst Scholastic printing, February 2014 | ||
| 260 |
_aNew York : _bScholastic, _c2011 |
||
| 300 |
_a30 unnumbered pages : _bcolor illustrations ; _c24 cm . |
||
| 505 | _aZ | ||
| 520 | _aThe letters of the alphabet introduce facts about the Olympic movement and Olympic sports. | ||
| 521 |
_a1151
_bLexile |
||
| 521 |
_aZ
_bRaz-Plus |
||
| 650 | 0 |
_aOlympics _vJuvenile literature. |
|
| 650 | 0 | _aAlphabet books. | |
| 700 | 1 |
_aBowles, Doug _eillustrator |
|
| 906 |
_a7 _bcbc _corignew _d1 _eecip _f20 _gy-gencatlg |
||
| 942 |
_2ddc _cBK _n0 |
||
| 999 |
_c2610 _d2610 |
||